The Oxford Handbook of Political Institutions / (Record no. 11966)
[ view plain ]
| 000 -LEADER | |
|---|---|
| fixed length control field | 01786cam a2200409 a 4500 |
| 001 - CONTROL NUMBER | |
| control field | 14721479 |
| 005 - DATE AND TIME OF LATEST TRANSACTION | |
| control field | 20081016063650.0 |
| 008 - FIXED-LENGTH DATA ELEMENTS--GENERAL INFORMATION | |
| fixed length control field | 070202s2006 enk bf 001 0 eng d |
| 010 ## - LIBRARY OF CONGRESS CONTROL NUMBER | |
| LC control number | 2007271563 |
| 020 ## - INTERNATIONAL STANDARD BOOK NUMBER | |
| International Standard Book Number | 0199275696 (hbk. : alk. paper) |
| 020 ## - INTERNATIONAL STANDARD BOOK NUMBER | |
| International Standard Book Number | 9780199275694 (hbk. : alk. paper) |
| 020 ## - INTERNATIONAL STANDARD BOOK NUMBER | |
| International Standard Book Number | 9780199548460 (pbk) |
| 035 ## - SYSTEM CONTROL NUMBER | |
| System control number | (OCoLC)ocm71319923 |
| 035 ## - SYSTEM CONTROL NUMBER | |
| System control number | (OCoLC)71319923 |
| 040 ## - CATALOGING SOURCE | |
| Original cataloging agency | EQO |
| Transcribing agency | EQO |
| Modifying agency | BAKER |
| -- | MDY |
| -- | YDXCP |
| -- | ORU |
| -- | DLC |
| 042 ## - AUTHENTICATION CODE | |
| Authentication code | lccopycat |
| 050 00 - LIBRARY OF CONGRESS CALL NUMBER | |
| Classification number | JF51 |
| Item number | .O95 2006 |
| 082 00 - DEWEY DECIMAL CLASSIFICATION NUMBER | |
| Classification number | 306.2 |
| Edition number | 22 |
| Item number | OXF |
| 245 04 - TITLE STATEMENT | |
| Title | The Oxford Handbook of Political Institutions / |
| Statement of responsibility, etc | edited by R.A.W. Rhodes, Sarah A. Binder and Bert A. Rockman. |
| 260 ## - PUBLICATION, DISTRIBUTION, ETC. (IMPRINT) | |
| Place of publication, distribution, etc | Oxford ; |
| -- | New York : |
| Name of publisher, distributor, etc | Oxford University Press, |
| Date of publication, distribution, etc | c2006. |
| 300 ## - PHYSICAL DESCRIPTION | |
| Extent | xvii, 816 p. ; |
| Dimensions | 26 cm. |
| 490 1# - Series Statement | |
| Series statement | Oxford handbooks of political science |
| 504 ## - BIBLIOGRAPHY, ETC. NOTE | |
| Bibliography, etc | Includes bibliographical references and indexes. |
| 650 #0 - SUBJECT ADDED ENTRY--TOPICAL TERM | |
| Topical term or geographic name as entry element | Public institutions. |
| 9 (RLIN) | 6706 |
| 650 #0 - SUBJECT ADDED ENTRY--TOPICAL TERM | |
| Topical term or geographic name as entry element | Comparative government. |
| 9 (RLIN) | 6707 |
| 650 #0 - SUBJECT ADDED ENTRY--TOPICAL TERM | |
| Topical term or geographic name as entry element | Political science. |
| 9 (RLIN) | 6708 |
| 650 #0 - SUBJECT ADDED ENTRY--TOPICAL TERM | |
| Topical term or geographic name as entry element | Associations, institutions, etc. |
| 9 (RLIN) | 6709 |
| 700 1# - ADDED ENTRY--PERSONAL NAME | |
| Personal name | Rhodes, R. A. W. |
| 9 (RLIN) | 6710 |
| 700 1# - ADDED ENTRY--PERSONAL NAME | |
| Personal name | Binder, Sarah A. |
| 9 (RLIN) | 6711 |
| 700 1# - ADDED ENTRY--PERSONAL NAME | |
| Personal name | Rockman, Bert A. |
| 9 (RLIN) | 6712 |
| 830 #0 - SERIES ADDED ENTRY--UNIFORM TITLE | |
| Uniform title | Oxford handbooks of political science. |
| 9 (RLIN) | 6713 |
| 856 41 - ELECTRONIC LOCATION AND ACCESS | |
| Materials specified | Table of contents only |
| Uniform Resource Identifier | <a href="http://www.loc.gov/catdir/enhancements/fy0713/2007271563-t.html">http://www.loc.gov/catdir/enhancements/fy0713/2007271563-t.html</a> |
| 856 42 - ELECTRONIC LOCATION AND ACCESS | |
| Materials specified | Publisher description |
| Uniform Resource Identifier | <a href="http://www.loc.gov/catdir/enhancements/fy0725/2007271563-d.html">http://www.loc.gov/catdir/enhancements/fy0725/2007271563-d.html</a> |
| 942 ## - ADDED ENTRY ELEMENTS (KOHA) | |
| Source of classification or shelving scheme | Dewey Decimal Classification |
| Item type | Reference (NB) |
| Withdrawn status | Item status | Source of classification or shelving scheme | Damaged status | Not for loan | Vendor | Home library | Current library | Shelving location | Date acquired | Source of acquisition | Cost, normal purchase price | Serial Enumeration / chronology | Total Checkouts | Full call number | Barcode | Date last seen | Koha item type |
|---|---|---|---|---|---|---|---|---|---|---|---|---|---|---|---|---|---|
| Dewey Decimal Classification | Baccah | Central Library | Central Library | Ground Floor | 23/06/2009 | 210.00 | 8140 | 306.2 OXF | 000016927 | 15/07/2025 | Reference (NB) |